Devine le club belge à partir de son logo- Partie 1 - Statistiques

Statistiques générales
  • Ce quiz a été pris 44 fois
  • Le résultat moyen est 14 sur 18
Statistiques - réponses
Par images Réponse % Correct
Club Bruges
100%
Anderlecht
98%
Genk
98%
Standard de Liège
98%
La Gantoise
93%
Sporting Charleroi
93%
Union Saint-Gilloise
93%
RWDM
83%
KAS Eupen
79%
Courtrai
76%
OH Louvain
76%
Westerlo
76%
Zulte Waregem
76%
Malines
74%
Ostende
64%
Waasland Beveren
55%
Lierse
48%
Lommel
31%
Aucun quiz correspondant
Distribution des résultats
% des personnes avec chaque résultat
Percentile par nombre de réponses
Votre historique - résultats
Vous n’avez pas pris ce quiz